Czy znasz wszystkie archipelagi? - Statystyki

Ogólne statystyki
  • Ten quiz został rozwiązany 169 razy
  • Średni wynik to 4 z 10
Statystyki odpowiedzi
Największe wyspy Odpowiedź % Poprawnych
Honsiu, Kiusiu, Sikoku, Hokkaido Archipelag Japoński
80%
Wielka Brytania, Irlandia Archipelag Brytyjski
73%
Luzon, Mindanao Archipelag Filipinski
56%
Male Archipelag Malediwy
54%
Borneo, Sumatra, Jawa, Celebes Archipelag Malajski
50%
Koho'olawe, Maui, Lānaʻi Archipelag Hawaje
42%
Ziemia Baffina, Ziemia Wiktorii Archipelag Arktyczny
35%
Naksos, Milos, Cyklady
19%
Bikini Wyspy Marshalla
14%
Eckero, Lemland, Vardo Archipelag Alandzki
8%
Nie znaleziono quizów pasujących do podanych kryteriów
Rozkład punktacji
Procent ludzi z każdym wynikiem
Percentyl według liczby udzielonych odpowiedzi
Twoja historia wyników
Nie rozwiązałeś tego quizu